Về mái nhà xưa (Tiểu thuyết tâm lý xã hội Mỹ) = Going home

Na minha lista:
Detalhes bibliográficos
Autor principal: Danielle Steel
Formato: Livro
Idioma:Undetermined
Publicado em: Hà Nội Hội Nhà Văn 1997
Assuntos:
Tags: Adicionar Tag
Sem tags, seja o primeiro a adicionar uma tag!
Thư viện lưu trữ: Trung tâm Học liệu Trường Đại học Cần Thơ
LEADER 00546nam a2200181Ia 4500
001 CTU_27069
008 210402s9999 xx 000 0 und d
082 |a 813.54 
082 |b S813v 
100 |a Danielle Steel 
245 0 |a Về mái nhà xưa (Tiểu thuyết tâm lý xã hội Mỹ) 
245 0 |b = Going home 
245 0 |c Danielle Steel 
260 |a Hà Nội 
260 |b Hội Nhà Văn 
260 |c 1997 
650 |a american fiction - 20th century 
980 |a Trung tâm Học liệu Trường Đại học Cần Thơ